Normal view
MARC view
Entry Topical Term
001 - CONTROL NUMBER
- control field: 25942
003 - CONTROL NUMBER IDENTIFIER
- control field: ARRUPE
005 - DATE AND TIME OF LATEST TRANSACTION
- control field: 20160920112451.0
008 - FIXED-LENGTH DATA ELEMENTS
- fixed length control field: 160920|| aca||aabn | a|a d
040 ## - CATALOGING SOURCE
- Original cataloging agency: ARRUPE
- Transcribing agency: ARRUPE
150 ## - HEADING--TOPICAL TERM
- Topical term or geographic name as entry element: Augustana Evangelical Lutheran Church
- General subdivision: Lutherans Minnesota Conference
- General subdivision: History
670 ## - SOURCE DATA FOUND
- Source citation: Work cat.: (ARRUPE)0: Söderström, Hugo, 1913- 25941, God gave growth :, 1984